| 000 | 01929nam a2200373 4500 | ||
|---|---|---|---|
| 003 | EC-UNACH | ||
| 005 | 20250512160954.0 | ||
| 006 | s||||gr|||| 00| 00 | ||
| 008 | 150116t9999 mx r gr 000 0 spa d | ||
| 020 | _a10121498 | ||
| 040 |
_aEC-UNACH _cEC-UNACH |
||
| 041 | _aspa | ||
| 082 | 0 | 4 |
_223 _a300 _bL017721 |
| 110 | _aCentro Andino de Acción Popular (CAAP) | ||
| 245 | _aEcuador Debate N°64. Conflicto y Protesta | ||
| 250 | _aPrimera edición | ||
| 264 |
_aQuito - Ecuador _bCAAP _c2005 |
||
| 300 |
_a178 páginas _bTablas, Cuadros _c14,5 X 21 cm |
||
| 505 | _aCoyuntura.- En los arrabales del Estado de naturaleza. De nuevo el nuevo (des) orden mundial. Conflictividad socio-política: noviembre 2004-febrero 2005. -- Tema Central.- Del conflicto social al ciclo político de la protesta. El peso de la noche: una perspectiva histórica de la crisis política en Ecuador. Octubre negro Boliviano. La consolidación hegemónica de la democracia radical en Venezuela (2002-2004) Debate Agrario-Rural.- La rápida expansión de los supermercados en Ecuador y sus efectos en las cadenas agroalimentarias. -- Análisis. - Afrolatinidad, construcciones teóricas y sociales hacia abrir las Ciencias Sociales en América Latina. Las mentalidades sociales y el nivel del preconsciente colectivo en el tercer mundo. -- Reseñas.- Los Rostros de la Deuda. Cd. Jubileo 2000 ILDIS, UNICEF. Derecho Ambiental y Sociología Ambiental. | ||
| 650 | _aAFROLATINIDAD | ||
| 650 | _aSUPERMERCADOS EN ECUADOR | ||
| 650 | _aHEGEMONÍA | ||
| 650 | _aDEUDA | ||
| 650 | _aMENTALIDADES SOCIALES | ||
| 700 | _aBustamante, Fernando | ||
| 700 | _aSánchez-Parga, José | ||
| 700 | _aOspina Peralta, Pablo | ||
| 700 | _aRomero, Juan | ||
| 942 |
_2ddc _c1 |
||
| 999 | _c13497 | ||